Sweden Immigration by Birth Country (2020) - Statistics

General Stats
  • This quiz has been taken 163 times
    142 since last reset
  • The average score is 37 of 48
Answer Stats
# People Country of Birth % Correct
31 035 United Kingdom
99%
23 290 United States
97%
140 337 Finland
96%
146 440 Iraq
96%
22 774 Russia
96%
41 062 Norway
94%
12 930 Spain
94%
81 301 Iran
93%
93 762 Poland
92%
38 929 Denmark
91%
51 434 Germany
91%
42 790 India
91%
193 594 Syria
91%
52 628 Turkey
90%
36 023 China
89%
11 854 France
88%
11 899 Ukraine
87%
21 172 Pakistan
84%
9 606 Estonia
83%
14 155 Italy
83%
8 798 Latvia
83%
15 917 Lithuania
83%
60 858 Afghanistan
82%
19 737 Greece
82%
32 741 Romania
82%
10 725 Brazil
78%
16 480 Hungary
76%
70 184 Somalia
76%
15 874 Serbia
75%
9 570 Egypt
74%
12 769 Netherlands
74%
21 126 Vietnam
74%
9 906 Bulgaria
72%
12 207 Croatia
70%
11 898 Morocco
70%
44 339 Thailand
70%
60 161 Bosnia & Herzegovina
67%
22 125 Ethiopia
65%
12 279 Bangladesh
63%
11 719 South Korea
63%
27 918 Chile
60%
13 060 Colombia
60%
28 885 Lebanon
58%
47 156 Eritrea
54%
11 164 Kosovo
54%
15 640 Philippines
52%
8 126 Peru
47%
9 410 North Macedonia
46%
No matching quizzes found
Score Distribution
Percent of People with Each Score
Percentile by Number Answered
Your Score History
You have not taken this quiz since the last reset